| Registos Bibliográficos associados ao registo de autoridade |
|
Etiqueta de registo: 00230nam 2200025 450 001 1782625 003 http://id.bnportugal.gov.pt/bib/catbnp/1782625 010 ## $a978-989-8118-10-3 021 ## $aPT$b311465/10 100 ## $a20110615d2010 m y0pory0103 ba 101 1# $apor$ceng 102 ## $aPT 105 ## $ay z 000ay 106 ## $ar 200 1# $aFome$fElise Blackwell$gtrad. Safaa Dib$grev. António Marques 205 ## $a1ª ed 210 #9 $a[Viana do Castelo]$cLivros de Areia,$d2010 215 ## $a100, [2] p.$d19 cm 304 ## $aTít. orig.: Hunger 675 ## $a821.111(73)-31"20"$vBN$zpor$31044941 700 #1 $aBlackwell,$bElise,$f1964-$31462857 702 #1 $aDib,$bSafaa,$f1983-$4730$31313528 702 #1 $95$aMarques,$bAntónio$4675$329008 801 #0 $aPT$bBN$gRPC 900 ## $aBIBNAC$d20120105 966 ## $lBN$mFGMON$sL. 104785 P.$x1 966 ## $lBN$mFGMON$sL. 104785 P.-D$x1
Etiqueta de registo: 00230nam 2200025 450 001 1772534 003 http://id.bnportugal.gov.pt/bib/catbnp/1772534 010 ## $a978-989-637-167-8 021 ## $aPT$b299699/09 100 ## $a20110222e20092006m y0pory0103 ba 101 1# $apor$deng 102 ## $aPT 105 ## $aa z 000ay 106 ## $ar 200 1# $a A águia do Império$fSimon Scarrow$gtrad. Safaa Dib$grev. Tiago Rosa 205 ## $a2ª ed. reimp 210 #9 $aParede$cSaída de Emergência,$d2009 215 ## $a302, [1] p.$cil.$d23 cm 225 2# $aRomance histórico 304 ## $aTít. orig.: Under the eagle 675 ## $a821.111-311.6"20"$vBN$zpor$31088329 700 #1 $aScarrow,$bSimon,$f1962-$31246119 702 #1 $aDib,$bSafaa,$f1983-$4730$31313528 702 #1 $aRosa,$bTiago$4675$31266691 801 #0 $aPT$bBN$gRPC 900 ## $aBIBNAC$d20110607 966 ## $lBN$mFGMON$sL. 107088 V.$x1 966 ## $lBN$mFGMON$sL. 107088 V.-D$x1
Etiqueta de registo: 00230nam 2200025 450 001 1748876 003 http://id.bnportugal.gov.pt/bib/catbnp/1748876 010 ## $a978-989-637-106-7 021 ## $aPT$b286942/08 100 ## $a20100616d2009 m y0pory0103 ba 101 1# $apor$ceng 102 ## $aPT 105 ## $ay z 000ay 106 ## $ar 200 1# $a A águia do Império$fSimon Scarrow$gtrad. Safaa Dib$grev. Duarte Camacho 210 #9 $a[Lisboa$cBertrand],$dimp. 2009 215 ## $a431, [1] p.$d17 cm 225 2# $aBiblioteca Simon Scarrow$v1 304 ## $aTít. orig.: Under the eagle 675 ## $a821.111-311.6"20"$vBN$zpor$31088329 700 #1 $aScarrow,$bSimon,$f1962-$31246119 702 #1 $aDib,$bSafaa,$f1983-$4730$31313528 702 #1 $aCamacho,$bDuarte$4675$31266960 801 #0 $aPT$bBN$gRPC 900 ## $aBIBNAC$d20100805 966 ## $lBN$mFGMON$sL. 103357 P.$x1 966 ## $lBN$mFGMON$sL. 103357 P.-D$x1
Etiqueta de registo: 00230nam 2200025 450 001 1653543 003 http://id.bnportugal.gov.pt/bib/catbnp/1653543 010 ## $a972-8839-14-6 021 ## $aPT$b221239/05 100 ## $a20070822d2005 a y0pory0103 ba 101 1# $apor$ceng 102 ## $aPT 105 ## $ay z 000yy 106 ## $ar 200 1# $aElric$e o príncipe dos dragões$fMichael Moorcock$gtrad. Luís Rodrigues$grev. Luís Filipe Silva, Safaa Dib 205 ## $a1ª ed 210 #9 $aParede$cSaída de Emergência,$d2005 215 ## $a191, [1] p.$d23 cm 225 2# $aLiteratura fantástica 304 ## $aTít. orig.: Elric of Melnibone 675 ## $a821.111-312.9"19/20"$vBN$zpor$31246831 700 #1 $aMoorcock,$bMichael,$f1939-$398236 702 #1 $97$aRodrigues,$bLuís$4730$3283990 702 #1 $92$aSilva,$bLuís Filipe$4675$31313526 702 #1 $aDib,$bSafaa,$f1983-$4675$31313528 801 #0 $aPT$bBN$gRPC 900 ## $aBIBNAC$d20130602 966 ## $lBN$mFGMON$pRelgráfica$sL. 91403 V.$x1 966 ## $lBN$mFGMON$pRelgráfica$sL. 91403 V.-D $x1
Etiqueta de registo: 00230nam 2200025 450 001 1711408 003 http://id.bnportugal.gov.pt/bib/catbnp/1711408 010 ## $a978-989-95178-8-2 021 ## $aPT$b265486/07 100 ## $a20090507d2007 m y0pory0103 ba 101 1# $apor$ceng 102 ## $aPT 105 ## $aa z 000fy 106 ## $ar 200 1# $a A sereia de Curitiba$fRhys Hughes$gtrad. Safaa Dib$gil. Paulo Barros$grev. Margarida Ferra 205 ## $a1ª ed 210 #9 $a[Viana do Castelo]$cLivros de Areia,$d2007 215 ## $aXII, 167 p.$cil.$d23 cm 304 ## $aTít. orig.: The Mermaid of Curitiba 675 ## $a821.111-34"19/20"$vBN$zpor$31242398 700 #1 $aHughes,$bRhys,$f1966-$31293367 702 #1 $aDib,$bSafaa,$f1983-$4730$31313528 702 #1 $aBarros,$bPaulo$4440$3100573 702 #1 $aFerra,$bMargarida,$f1977$4675$31206174 801 #0 $aPT$bBN$gRPC 900 ## $aBIBNAC$d20130602 966 ## $lBN$mFGMON$sL. 98611 V.$x1 966 ## $lBN$mFGMON$sL. 98611 V.-D$x1
Etiqueta de registo: 00254nam 2200025 450 001 2224138 003 http://id.bnportugal.gov.pt/bib/catbnp/2224138 010 ## $a978-989-740-407-8 021 ## $aPT$b547932/25 100 ## $a20250825d2025 m y0pory01030103ba 101 0# $apor 102 ## $aPT 105 ## $ay z 000yy 106 ## $ar 200 1# $aLíbano, uma biografia$eda terra dos cedros à imigração para Portugal, a história de uma família e de um país$fSafaa Dib$gpref. Rui Tavares 205 ## $a1ª ed 210 #9 $aPorto$cIdeias de Ler,$d2025 215 ## $a270 p.$d24 cm 675 ## $a821.134.3-94"20"$vBN$zpor$31565850 675 ## $a929.52-054.7(=1:569.3)(469)"198"$vBN$zpor$31965839 675 ## $a94(569.3)".../19"$vBN$zpor$31965840 700 #1 $aDib,$bSafaa,$f1983-$31313528 702 #1 $aTavares,$bRui,$f1972-$4080$31015839 801 #0 $aPT$bBN$gRPC 856 41 $uhttp://rnod.bnportugal.gov.pt/ImagesBN/winlibimg.aspx?skey=&doc=2224138&img=211974&save=true 900 ## $aBIBNAC$d20250918 966 ## $lBN$mFGMON$sL. 178174 V.$x1 966 ## $lBN$mFGMON$sL. 178174 V.-D$x1 971 ## $cssilva$d20250825 972 ## $e0$z0$d20250918$vlrevez 973 ## $ctrodrigues$d20250909
Etiqueta de registo: 00254nam 2200025 450 001 2281887 003 http://id.bnportugal.gov.pt/bib/catbnp/2281887 010 ## $a978-989-682-995-7$bv. 1) 010 ## $a978-989-36278-9-1$bv. 2) 021 ## $aPT$b544312/25 021 ## $aPT$b554152/25 100 ## $a20260319d2025 m y0pory01030103ba 101 0# $apor 102 ## $aPT 105 ## $aa t 000zy 106 ## $ar 200 1# $a O profeta.$hVol. 1$fZeina Abirached, Khalil Gibran$gpref. Safaa Dib$gtrad. José Luís Covita 210 #9 $a[S.l.]$cLevoir$cPúblico,$d2025 215 ## $a2 v.$ctodo il.$d23 cm 675 ## $a821.411.21(569.3)-9"20"$vBN$zpor$31660725 675 ## $a741(=1:569.3)"20"$vBN$zpor$31660728 700 #1 $aAbirached,$bZeina,$f1981-$31660539 701 #1 $aGibran,$bKhalil,$f1883-1931$4070$332720 702 #1 $aDib,$bSafaa,$f1983-$4080$31313528 702 #1 $92$aCovita,$bJosé Luís$4730$31947149 801 #0 $aPT$bBN$gRPC 856 41 $uhttp://rnod.bnportugal.gov.pt/ImagesBN/winlibimg.aspx?skey=&doc=2281887&img=220826&save=true 900 ## $aBIBNAC$d20260408 966 ## $b001$dV. 1$lBN$mFGMON$sB.A. 53590 V.$x1 966 ## $b001$dV. 1$lBN$mFGMON$sB.A. 53590 V.-D$x1 966 ## $b001$dV. 2$lBN$mFGMON$sB.A. 53599 V.$x1 966 ## $b001$dV. 2$lBN$mFGMON$sB.A. 53599 V.-D$x1 971 ## $cabrito$d20260319 972 ## $e0$z0$d20260408$vasantos 973 ## $cigoulao$d20260326
|
|
|